00696cam a22001811 4500001001300000003000400013005001700017008004100034010002300075040001800098110003200116245015600148260002600304300008800330651003000418650004900448999001700497map44000111 DLC20260227111555.0770317s1873 iluab 00010 eng  amap44000111 //r922 aDLCcCtYdDLC10aEverts, Baskin and Stewart.00aCombination atlas map of Rock county, Wisconsin.cCompiled, drawn and published from personal examinations and surverys, by Everts, Baskin and Stewart.0 aChicago, Ill.,c1873. a92 (i.e. 93) numb. l. (2 fold.), 93-105 p.bincl. 25 col. maps, illus.c44 x 36 cm. 0aRock County (Wis.)xMaps. 0aReal propertyzWisconsinzRock CountyxMaps. c37781d37781